Synopsis of gross anatomy. -- 2nd rev. and enl. ed. (Record no. 32832)
[ view plain ]
| 000 -LEADER | |
|---|---|
| fixed length control field | 00750nam a2200193 a 4500 |
| 008 - FIXED-LENGTH DATA ELEMENTS--GENERAL INFORMATION | |
| fixed length control field | 111202s1972 ||||||||||||||||| || u |
| 020 ## - INTERNATIONAL STANDARD BOOK NUMBER | |
| International Standard Book Number | 06140635X |
| 050 ## - LIBRARY OF CONGRESS CALL NUMBER | |
| Classification number | QM 23.2 Chr |
| 100 ## - MAIN ENTRY--PERSONAL NAME | |
| Personal name | Telford, Ira Rockwood, 1907- |
| 245 10 - TITLE STATEMENT | |
| Title | Synopsis of gross anatomy. -- 2nd rev. and enl. ed. |
| Statement of responsibility, etc. | John Christensen, Ira Rockwood Telford |
| 250 ## - EDITION STATEMENT | |
| Edition statement | 2nd rev. and enl. ed. |
| 260 ## - PUBLICATION, DISTRIBUTION, ETC. | |
| Place of publication, distribution, etc. | New York |
| Name of publisher, distributor, etc. | Harper & Row |
| Date of publication, distribution, etc. | 1972 |
| 300 ## - PHYSICAL DESCRIPTION | |
| Extent | xi, 304p.: ill. |
| 350 ## - | |
| -- | 0.00 |
| 650 #3 - SUBJECT ADDED ENTRY--TOPICAL TERM | |
| Topical term or geographic name entry element | ANATOMY |
| 650 #0 - SUBJECT ADDED ENTRY--TOPICAL TERM | |
| Topical term or geographic name entry element | HUMAN ANATOMY |
| 700 ## - ADDED ENTRY--PERSONAL NAME | |
| Personal name | Christensen, John B., 1927- |
| 995 ## - | |
| -- | MICHAEL CHILUFYA SATA OPEN ACCESS |
| -- | 0.00 |
| -- | 901105 |
| -- | CBU-SCHOOL OF MEDICINE LIBRARY (Ndola) |
| -- | 1 |
| -- | 0.00 |
| -- | QM 23.2 CHR |
| -- | 1 |
| -- | AVAILABLE |
| -- | Dec 2, 2011 |
| -- | 901105 |
| -- | Medical Library Open Access Collection |
| 999 ## - | |
| -- | 32832 |
| -- | 32832 |
| Withdrawn status | Lost status | Source of classification or shelving scheme | Damaged status | Not for loan | Permanent Location | Current Location | Shelving location | Date acquired | Total Checkouts | Full call number | Barcode | Date last seen | Price effective from | Koha item type |
|---|---|---|---|---|---|---|---|---|---|---|---|---|---|---|
| CBU-SCHOOL OF MEDICINE LIBRARY, NDOLA. | CBU-SCHOOL OF MEDICINE LIBRARY, NDOLA. | 11/30/2022 | QM 23.2 Chr | 901105 | 11/30/2022 | 11/30/2022 | MONOGRAPH |